[Event "Olomouc 2010 - GM3 Proclient Cup"]
[Site "Olomouc (CZE), Hotel Sigma"]
[Date "2010.08.06"]
[Round "3"]
[White "Raznikov, Danny"]
[Black "Pisk, Petr"]
[Result "1/2-1/2"]
[WhiteElo "2326"]
[BlackElo "2337"]
[PlyCount "34"]
[EventDate "2010.08.04"]

1. d4 d6 2. Nf3 Bg4 3. c4 Bxf3 4. exf3 Nd7 5. Nc3 g6 6. Be3 Bg7 7. Qb3 Rb8 8.
Be2 Ngf6 9. g4 O-O 10. g5 Ne8 11. f4 c5 12. dxc5 dxc5 13. O-O-O Nd6 14. Nb5 Nf5
15. Bg4 a6 16. Bxf5 gxf5 17. Nc3 b5 1/2-1/2

[Event "Olomouc 2010 - GM3 Proclient Cup"]
[Site "Olomouc (CZE), Hotel Sigma"]
[Date "2010.08.07"]
[Round "4"]
[White "Raznikov, Danny"]
[Black "Janev, Evgeni"]
[Result "0-1"]
[WhiteElo "2326"]
[BlackElo "2463"]
[PlyCount "88"]
[EventDate "2010.08.04"]

1. d4 d6 2. Nf3 Bg4 3. c4 Nd7 4. Nc3 e5 5. g3 Bxf3 6. exf3 Ngf6 7. Bg2 exd4 8.
Qxd4 Be7 9. O-O O-O 10. Be3 c6 11. Rad1 a5 12. b3 Nc5 13. Qd2 Qb6 14. f4 Rfe8
15. Qc2 Qc7 16. h3 Nfd7 17. g4 Nb6 18. Ne2 Bf8 19. f5 Nbd7 20. Bd4 Qb6 21. Nf4
a4 22. Rb1 axb3 23. axb3 Qd8 24. b4 Na4 25. b5 Qc7 26. bxc6 bxc6 27. Nh5 Nac5
28. Qd2 Ne5 29. f4 Ned7 30. Qc3 g6 31. fxg6 hxg6 32. Ng3 Ne6 33. Be3 Bg7 34.
Qc1 Ra2 35. f5 Nd4 36. f6 Qa7 37. c5 Rc2 38. Qe1 Nxf6 39. Rf2 Nd5 40. Bxd5 cxd5
41. cxd6 Rxf2 42. Qxf2 Rxe3 43. d7 Ne6 44. Kg2 d4 0-1

[Event "Olomouc 2010 - GM3 Proclient Cup"]
[Site "Olomouc (CZE), Hotel Sigma"]
[Date "2010.08.07"]
[Round "4"]
[White "Rosko, Lubos"]
[Black "Matsenko, Sergei"]
[Result "1/2-1/2"]
[WhiteElo "2351"]
[BlackElo "2453"]
[PlyCount "81"]
[EventDate "2010.08.04"]

1. d4 d5 2. c4 c6 3. Nf3 Nf6 4. e3 Bg4 5. cxd5 cxd5 6. Qb3 Qc7 7. Bd2 Bxf3 8.
gxf3 e6 9. Bb5+ Nbd7 10. Na3 a6 11. Bd3 Bd6 12. Rc1 Qb8 13. Bb4 O-O 14. f4
Bxb4+ 15. Qxb4 Rc8 16. Kd2 g6 17. Rxc8+ Qxc8 18. Rc1 Qb8 19. Qe7 Qf8 20. Qxf8+
Kxf8 21. f3 Ke7 22. Rc3 Ne8 23. Nc2 Nd6 24. Ne1 Rc8 25. Rxc8 Nxc8 26. b3 Nd6
27. Bc2 h6 28. Nd3 f6 29. Ne1 Nf5 30. Bd3 Nh4 31. Ke2 g5 32. fxg5 hxg5 33. Kf2
f5 34. Ng2 Nxg2 35. Kxg2 Kf6 36. Kg3 e5 37. dxe5+ Nxe5 38. Be2 Nc6 39. Bd3 d4
40. exd4 Nxd4 41. f4 1/2-1/2

[Event "Olomouc 2010 - GM3 Proclient Cup"]
[Site "Olomouc (CZE), Hotel Sigma"]
[Date "2010.08.07"]
[Round "4"]
[White "Warakomski, Tomasz"]
[Black "Polak, Tomas"]
[Result "1/2-1/2"]
[WhiteElo "2495"]
[BlackElo "2544"]
[PlyCount "93"]
[EventDate "2010.08.04"]

1. e4 e5 2. Nf3 Nf6 3. Nc3 Nc6 4. a3 Bc5 5. Nxe5 Nxe5 6. d4 Bd6 7. f4 Nc6 8. e5
Be7 9. exf6 Bxf6 10. d5 Ne7 11. Ne4 Nf5 12. d6 O-O 13. Qd5 Nxd6 14. Nxd6 Qe7+
15. Kf2 Qxd6 16. Qxd6 cxd6 17. Bc4 b5 18. Bd5 Rb8 19. c3 Bb7 20. Rd1 a5 21.
Bxb7 Rxb7 22. Rxd6 Rc8 23. Ra6 b4 24. axb4 axb4 25. Ra8 Rf8 26. cxb4 Rxb4 27.
R1a4 Rb3 28. Ra3 Rb5 29. b4 Be7 30. Rxf8+ Bxf8 31. Bd2 f5 32. Ke2 Rb6 33. Rb3
Kf7 34. b5 Ke6 35. Be3 Rb7 36. b6 Be7 37. Kd3 Kd6 38. Kc4 Kc6 39. Rb5 g6 40. h3
h5 41. Ra5 Rb8 42. Bd4 d6 43. Ra7 Bd8 44. Rg7 Bxb6 45. Bxb6 Rxb6 46. Rxg6 Ra6
47. Rg5 1/2-1/2

[Event "Olomouc 2010 - GM3 Proclient Cup"]
[Site "Olomouc (CZE), Hotel Sigma"]
[Date "2010.08.08"]
[Round "5"]
[White "Janev, Evgeni"]
[Black "Pisk, Petr"]
[Result "1-0"]
[WhiteElo "2463"]
[BlackElo "2337"]
[PlyCount "65"]
[EventDate "2010.08.04"]

1. e4 c5 2. Nf3 d6 3. d4 Nf6 4. Nc3 cxd4 5. Nxd4 g6 6. Be3 Bg7 7. f3 O-O 8. Bc4
Nc6 9. Qd2 Bd7 10. O-O-O Qa5 11. Bb3 Rfc8 12. Kb1 Ne5 13. g4 Rab8 14. Bh6 Bxh6
15. Qxh6 Rxc3 16. bxc3 Qxc3 17. Qc1 b5 18. g5 Nh5 19. f4 Nc4 20. Rd3 Qb4 21. f5
a5 22. Ka1 Ne5 23. Rdd1 a4 24. Bd5 Rc8 25. Rhf1 a3 26. Ne2 e6 27. fxe6 fxe6 28.
Bb3 Qxe4 29. Qxa3 b4 30. Qa6 Nf7 31. Qa7 Be8 32. Nd4 Nxg5 33. Qe7 1-0

[Event "Olomouc 2010 - GM3 Proclient Cup"]
[Site "Olomouc (CZE), Hotel Sigma"]
[Date "2010.08.08"]
[Round "5"]
[White "Matsenko, Sergei"]
[Black "Warakomski, Tomasz"]
[Result "1-0"]
[WhiteElo "2453"]
[BlackElo "2495"]
[PlyCount "144"]
[EventDate "2010.08.04"]

1. e4 g6 2. d4 Bg7 3. Nc3 d6 4. f4 a6 5. Nf3 b5 6. Bd3 Nd7 7. e5 c5 8. Be4 Rb8
9. O-O b4 10. Na4 Qc7 11. c3 Nh6 12. Ng5 bxc3 13. bxc3 O-O 14. Be3 Rd8 15. Qf3
cxd4 16. cxd4 Qa5 17. f5 gxf5 18. Bxf5 Nxf5 19. Qxf5 Nf6 20. Qf2 dxe5 21. dxe5
Qxa4 22. exf6 exf6 23. Nf3 f5 24. Qg3 Be6 25. Bd4 f6 26. Bxf6 Qg4 27. Qe5 Bxf6
28. Qxe6+ Kg7 29. Rac1 Qg6 30. Rc7+ Kh8 31. Ne5 Bxe5 32. Qxe5+ Kg8 33. Rc3 Rb5
34. Qe7 Re8 35. Qd7 f4 36. Rc8 Rbe5 37. Rxe8+ Rxe8 38. Qd5+ Qf7 39. Qxf7+ Kxf7
40. Rxf4+ Kg6 41. Ra4 Re6 42. Kf2 Rf6+ 43. Kg3 h5 44. Ra5 Kh6 45. a4 Kg6 46.
Re5 Kh6 47. h3 Kg6 48. Rc5 Kh6 49. Rc7 Rb6 50. a5 Rg6+ 51. Kh4 Rd6 52. Rb7 Rd4+
53. g4 hxg4 54. hxg4 Rd5 55. Rb6+ Kg7 56. Rxa6 Rb5 57. Ra8 Kh7 58. Kg3 Kg7 59.
a6 Rb6 60. Kf4 Kh7 61. Ke5 Kg7 62. Kf5 Rf6+ 63. Kg5 Rg6+ 64. Kh4 Rh6+ 65. Kg3
Rg6 66. Ra7+ Kh6 67. Kh4 Rb6 68. Ra8 Kg7 69. g5 Rb4+ 70. Kh5 Ra4 71. Ra7+ Kf8
72. Kg6 Ra1 1-0

[Event "Olomouc 2010 - GM3 Proclient Cup"]
[Site "Olomouc (CZE), Hotel Sigma"]
[Date "2010.08.08"]
[Round "5"]
[White "Petr, Martin"]
[Black "Raznikov, Danny"]
[Result "0-1"]
[WhiteElo "2511"]
[BlackElo "2326"]
[PlyCount "56"]
[EventDate "2010.08.04"]

1. e4 c5 2. Nf3 d6 3. d4 cxd4 4. Nxd4 Nf6 5. Nc3 a6 6. Bg5 Nbd7 7. f4 Qc7 8.
Qf3 h6 9. Bxf6 Nxf6 10. f5 Qc5 11. O-O-O g5 12. Nd5 Nxd5 13. exd5 Bg7 14. c3
Bd7 15. Kb1 O-O-O 16. Bd3 Kb8 17. Nb3 Qb6 18. Rhe1 Bf6 19. Re4 a5 20. Bc2 Rc8
21. a4 Rc7 22. Ka2 Rhc8 23. Bd3 Bxc3 24. bxc3 Rxc3 25. Rb1 Bxf5 26. Qxf5 Rxd3
27. Rxe7 Rc2+ 28. Ka1 Qd4+ 0-1

[Event "Olomouc 2010 - GM3 Proclient Cup"]
[Site "Olomouc (CZE), Hotel Sigma"]
[Date "2010.08.08"]
[Round "5"]
[White "Polak, Tomas"]
[Black "Batchuluun, Tsegmed"]
[Result "1-0"]
[WhiteElo "2544"]
[BlackElo "2388"]
[PlyCount "84"]
[EventDate "2010.08.04"]

1. e4 e5 2. Nf3 Nc6 3. Bc4 Bc5 4. c3 Nf6 5. d4 exd4 6. e5 d5 7. Bb5 Ne4 8. cxd4
Bb6 9. Be3 O-O 10. Nc3 Bg4 11. h3 Bh5 12. O-O f6 13. Bxc6 bxc6 14. g4 Be8 15.
exf6 Qxf6 16. Ne5 Rd8 17. Qc1 h6 18. b4 Ng5 19. f4 Nf7 20. Qd2 Qh4 21. Kh2 Nxe5
22. fxe5 Bd7 23. Qg2 h5 24. Qg3 Qxg3+ 25. Kxg3 hxg4 26. hxg4 Rxf1 27. Rxf1 Ra8
28. a3 a5 29. b5 Rf8 30. Rc1 Rd8 31. bxc6 Bxc6 32. Ne2 Bb5 33. Nf4 Bc4 34. g5
Re8 35. Kf3 Kf7 36. g6+ Ke7 37. Rh1 Rg8 38. Rh7 c6 39. Nh5 Bd3 40. Nf6 Rf8 41.
Rxg7+ Ke6 42. Rb7 Be4+ 1-0

[Event "Olomouc 2010 - GM3 Proclient Cup"]
[Site "Olomouc (CZE), Hotel Sigma"]
[Date "2010.08.08"]
[Round "5"]
[White "Vovk, Andrey"]
[Black "Rosko, Lubos"]
[Result "1-0"]
[WhiteElo "2522"]
[BlackElo "2351"]
[PlyCount "51"]
[EventDate "2010.08.04"]

1. e4 c5 2. Nf3 d6 3. d4 cxd4 4. Nxd4 Nf6 5. Nc3 a6 6. Be3 e5 7. Nf3 Be7 8. Bc4
Be6 9. Qe2 b5 10. Bb3 Bxb3 11. axb3 b4 12. Nd5 Nxd5 13. exd5 O-O 14. Bd2 Qc8
15. Bxb4 Qb7 16. Qd2 e4 17. Nd4 Qxd5 18. Ra5 Qb7 19. Nf5 Nc6 20. Bc3 e3 21.
Qxe3 Rfe8 22. O-O Nxa5 23. Nxg7 Qb5 24. Nxe8 Rxe8 25. Qg3+ Bg5 26. h4 1-0

[Event "Olomouc 2010 - GM3 Proclient Cup"]
[Site "Olomouc (CZE), Hotel Sigma"]
[Date "2010.08.09"]
[Round "6"]
[White "Batchuluun, Tsegmed"]
[Black "Matsenko, Sergei"]
[Result "1-0"]
[WhiteElo "2388"]
[BlackElo "2453"]
[PlyCount "105"]
[EventDate "2010.08.04"]

1. d4 d5 2. c4 c6 3. Nf3 Nf6 4. Nc3 e6 5. Bg5 Nbd7 6. cxd5 exd5 7. e3 Qa5 8.
Bd3 Ne4 9. Qc2 Nxg5 10. Nxg5 h6 11. Nf3 Nf6 12. O-O Bd6 13. a3 Qc7 14. h3 Be6
15. b4 a6 16. Na4 O-O 17. Rfc1 Rae8 18. Nc5 Qc8 19. Nxe6 Qxe6 20. Nd2 Qe7 21.
Rab1 Kh8 22. Re1 Ne4 23. Bxe4 dxe4 24. Nc4 Bc7 25. a4 f5 26. b5 axb5 27. axb5
f4 28. exf4 Bxf4 29. bxc6 bxc6 30. Re2 c5 31. d5 Qg5 32. Rd1 e3 33. Nxe3 Bxe3
34. fxe3 Rxe3 35. Qd2 Rfe8 36. Rxe3 Qxe3+ 37. Qxe3 Rxe3 38. Kf2 Re8 39. Rc1 Rc8
40. Ke3 Kg8 41. Ke4 Kf7 42. Ke5 Ke7 43. Ra1 Kd7 44. Ra7+ Rc7 45. Ra3 Rc8 46.
Ra7+ Rc7 47. Ra5 Rc8 48. d6 Kc6 49. Ra6+ Kb7 50. Ra2 Kc6 51. Ra6+ Kb7 52. d7
Rf8 53. Re6 1-0

[Event "Olomouc 2010 - GM3 Proclient Cup"]
[Site "Olomouc (CZE), Hotel Sigma"]
[Date "2010.08.09"]
[Round "6"]
[White "Janev, Evgeni"]
[Black "Petr, Martin"]
[Result "1-0"]
[WhiteElo "2463"]
[BlackElo "2511"]
[PlyCount "123"]
[EventDate "2010.08.04"]

1. e4 e6 2. d4 d5 3. Nd2 c5 4. Ngf3 Nc6 5. exd5 exd5 6. Bb5 Bd6 7. dxc5 Bxc5 8.
O-O Nge7 9. Nb3 Bd6 10. Re1 O-O 11. Bg5 Bg4 12. Be2 Re8 13. Nfd4 Bxe2 14. Rxe2
Qd7 15. Bxe7 Rxe7 16. Rxe7 Bxe7 17. Nf3 Bf6 18. Nc5 Qd6 19. Nd3 Re8 20. c3 b5
21. Qb3 Rb8 22. Rd1 b4 23. cxb4 Nxb4 24. Qa3 Qe7 25. Nxb4 Rxb4 26. b3 Rd4 27.
Qxe7 Rxd1+ 28. Qe1 Rxe1+ 29. Nxe1 Kf8 30. Nd3 Ke7 31. Kf1 Kd6 32. Ke2 Bc3 33.
Kd1 a5 34. Kc2 Bd4 35. a3 Kc6 36. f3 h5 37. h3 g6 38. Kd2 Kb5 39. a4+ Kc6 40.
g4 hxg4 41. fxg4 g5 42. b4 axb4 43. Nxb4+ Kc5 44. Kd3 Bf6 45. a5 Bd8 46. a6 Bb6
47. Nc2 Kd6 48. Nd4 Ke5 49. Nc6+ Kf4 50. Ne7 Ke5 51. Ke2 Bc5 52. Kf3 d4 53.
Nc6+ Kd5 54. a7 Bxa7 55. Nxa7 d3 56. Ke3 Kc4 57. Nc8 Kc3 58. Nd6 Kc2 59. Ne4 f6
60. Nd2 Kc3 61. Nf3 Kc2 62. Ne1+ 1-0

[Event "Olomouc 2010 - GM3 Proclient Cup"]
[Site "Olomouc (CZE), Hotel Sigma"]
[Date "2010.08.09"]
[Round "6"]
[White "Pisk, Petr"]
[Black "Rosko, Lubos"]
[Result "1/2-1/2"]
[WhiteElo "2337"]
[BlackElo "2351"]
[PlyCount "26"]
[EventDate "2010.08.04"]

1. e4 c5 2. d4 cxd4 3. c3 d5 4. exd5 Nf6 5. cxd4 Nxd5 6. Nc3 e6 7. Nf3 Be7 8.
Bd3 Nc6 9. O-O O-O 10. Re1 Ncb4 11. Bb1 Nf6 12. Ne5 Bd7 13. Re3 Bc6 1/2-1/2

[Event "Olomouc 2010 - GM3 Proclient Cup"]
[Site "Olomouc (CZE), Hotel Sigma"]
[Date "2010.08.09"]
[Round "6"]
[White "Raznikov, Danny"]
[Black "Polak, Tomas"]
[Result "1/2-1/2"]
[WhiteElo "2326"]
[BlackElo "2544"]
[PlyCount "30"]
[EventDate "2010.08.04"]

1. d4 Nf6 2. c4 e6 3. g3 Bb4+ 4. Bd2 Qe7 5. Nf3 Nc6 6. Nc3 O-O 7. Bg2 Na5 8. b3
b6 9. O-O Bb7 10. Qc2 Rac8 11. Rfd1 h6 12. Bf4 d5 13. cxd5 Bxc3 14. Qxc3 Nxd5
15. Qd2 Rfd8 1/2-1/2

[Event "Olomouc 2010 - GM3 Proclient Cup"]
[Site "Olomouc (CZE), Hotel Sigma"]
[Date "2010.08.09"]
[Round "6"]
[White "Warakomski, Tomasz"]
[Black "Vovk, Andrey"]
[Result "1/2-1/2"]
[WhiteElo "2495"]
[BlackElo "2522"]
[PlyCount "39"]
[EventDate "2010.08.04"]

1. e4 c5 2. Nf3 e6 3. d4 cxd4 4. Nxd4 a6 5. Bd3 Bc5 6. Nb3 Ba7 7. Qe2 d6 8. Be3
Nf6 9. c4 Nc6 10. Nc3 O-O 11. f4 Bxe3 12. Qxe3 d5 13. e5 dxc4 14. Bxc4 Nb4 15.
Rc1 b5 16. Be2 Nfd5 17. Nxd5 Nxd5 18. Qd4 Bb7 19. O-O Nb6 20. Rfd1 1/2-1/2

[Event "Olomouc 2010 - GM3 Proclient Cup"]
[Site "Olomouc (CZE), Hotel Sigma"]
[Date "2010.08.10"]
[Round "7"]
[White "Petr, Martin"]
[Black "Pisk, Petr"]
[Result "1-0"]
[WhiteElo "2511"]
[BlackElo "2337"]
[PlyCount "58"]
[EventDate "2010.08.04"]

1. e4 c5 2. Nf3 d6 3. d4 Nf6 4. Nc3 cxd4 5. Nxd4 g6 6. Be3 Bg7 7. f3 O-O 8. Qd2
Nc6 9. g4 Nxd4 10. Bxd4 Be6 11. Nd5 Bxd5 12. exd5 Qc7 13. h4 Rac8 14. Rh2 e5
15. dxe6 fxe6 16. O-O-O Nd5 17. h5 Rf4 18. Bxg7 Qxg7 19. hxg6 hxg6 20. Qe1 Kf7
21. Bd3 Rb4 22. c3 Nxc3 23. bxc3 Rxc3+ 24. Rc2 Rxc2+ 25. Bxc2 Qb2+ 26. Kd2 Rc4
27. Rc1 Qxa2 28. Qe3 Qa5+ 29. Ke2 Rc5 1-0

[Event "Olomouc 2010 - GM3 Proclient Cup"]
[Site "Olomouc (CZE), Hotel Sigma"]
[Date "2010.08.10"]
[Round "7"]
[White "Polak, Tomas"]
[Black "Janev, Evgeni"]
[Result "0-1"]
[WhiteElo "2544"]
[BlackElo "2463"]
[PlyCount "110"]
[EventDate "2010.08.04"]

1. d4 d6 2. Nf3 Nf6 3. c4 g6 4. Nc3 Bg7 5. e4 O-O 6. Be2 Bg4 7. Be3 Nfd7 8. Rc1
a6 9. d5 c5 10. a4 Qb6 11. Bd2 e6 12. O-O Re8 13. h3 Bxf3 14. Bxf3 exd5 15.
exd5 Bd4 16. Kh1 Qd8 17. Qb3 Ne5 18. Be2 f5 19. Rce1 Nbd7 20. g3 Nf7 21. Kg2
Nf6 22. Bd1 Qd7 23. Bc1 Rab8 24. Ne2 b5 25. cxb5 axb5 26. Nxd4 cxd4 27. a5 Qc7
28. Bd2 Ne4 29. Bb4 Ne5 30. Be2 Nc5 31. Qd1 d3 32. Bf3 Na6 33. Bc3 Qc4 34. g4
fxg4 35. hxg4 Nc5 36. Re3 b4 37. Bxe5 dxe5 38. b3 Qd4 39. Qa1 Qxa1 40. Rxa1
Nxb3 41. Rd1 Nc5 42. Be4 Nxe4 43. Rxe4 b3 44. Rb1 b2 45. Kf3 Rec8 46. Ree1 Rb3
47. Ke3 Rc2 48. Red1 Re2+ 49. Kf3 e4+ 50. Kf4 Ra3 51. f3 g5+ 52. Kf5 exf3 53.
Kf6 Kf8 54. d6 Ke8 55. a6 Kd7 0-1

[Event "Olomouc 2010 - GM3 Proclient Cup"]
[Site "Olomouc (CZE), Hotel Sigma"]
[Date "2010.08.10"]
[Round "7"]
[White "Rosko, Lubos"]
[Black "Warakomski, Tomasz"]
[Result "0-1"]
[WhiteElo "2351"]
[BlackElo "2495"]
[PlyCount "58"]
[EventDate "2010.08.04"]

1. d4 g6 2. c4 Bg7 3. Nc3 d6 4. e4 e5 5. d5 a5 6. Bd3 Na6 7. Nge2 h5 8. Be3 Bh6
9. Qd2 h4 10. O-O-O Nc5 11. Bc2 Bxe3 12. Qxe3 Nf6 13. h3 Kf8 14. f4 exf4 15.
Qxf4 Nfd7 16. Rhf1 Ne5 17. Nd4 Rh5 18. Nf3 Qe7 19. Nxe5 Rxe5 20. Rf2 Bd7 21.
Rdf1 Be8 22. Nb5 Nxe4 23. Re2 Ng3 24. Rxe5 dxe5 25. Qh6+ Kg8 26. Re1 Bxb5 27.
cxb5 e4 28. d6 cxd6 29. Bb3 d5 0-1

[Event "Olomouc 2010 - GM3 Proclient Cup"]
[Site "Olomouc (CZE), Hotel Sigma"]
[Date "2010.08.10"]
[Round "7"]
[White "Vovk, Andrey"]
[Black "Batchuluun, Tsegmed"]
[Result "1/2-1/2"]
[WhiteElo "2522"]
[BlackElo "2388"]
[PlyCount "44"]
[EventDate "2010.08.04"]

1. e4 e5 2. Nf3 Nc6 3. Bb5 a6 4. Ba4 Nf6 5. d3 b5 6. Bb3 Be7 7. a4 Rb8 8. axb5
axb5 9. Nc3 d6 10. Nd5 Nxd5 11. exd5 Nd4 12. Nxd4 exd4 13. O-O O-O 14. Re1 Bf6
15. Ra7 Bd7 16. Bd2 Ra8 17. Qa1 Qb8 18. Rxa8 Qxa8 19. Qa5 Qxa5 20. Bxa5 Rc8 21.
Ra1 Ra8 22. Ra2 Ra7 1/2-1/2

[Event "Olomouc 2010 - GM3 Proclient Cup"]
[Site "Olomouc (CZE), Hotel Sigma"]
[Date "2010.08.11"]
[Round "8"]
[White "Janev, Evgeni"]
[Black "Matsenko, Sergei"]
[Result "1/2-1/2"]
[WhiteElo "2463"]
[BlackElo "2453"]
[PlyCount "120"]
[EventDate "2010.08.04"]

1. e4 c5 2. Nf3 Nc6 3. Bb5 e6 4. Bxc6 bxc6 5. b3 Ne7 6. Bb2 Ng6 7. h4 h5 8. e5
Rb8 9. d3 Be7 10. Nbd2 Ba6 11. g3 f6 12. Qe2 Kf7 13. O-O Qc7 14. Rfe1 Rbe8 15.
Ne4 Bc8 16. Rad1 fxe5 17. Bxe5 d6 18. Bb2 e5 19. Neg5+ Kg8 20. b4 Bf6 21. Qe4
Nf8 22. Qc4+ Ne6 23. bxc5 d5 24. Qb4 Nxg5 25. hxg5 Bg4 26. gxf6 Bxf3 27. fxg7
Rh7 28. Rb1 h4 29. Qf4 Be4 30. Bxe5 Qxe5 31. Qxe5 Rxe5 32. dxe4 dxe4 33. Rb8+
Kxg7 34. Rb7+ Kg6 35. Rxh7 Kxh7 36. gxh4 Kg6 37. Kg2 Kf5 38. Re3 Rxc5 39. Kg3
Rxc2 40. f3 exf3 41. Rxf3+ Kg6 42. Ra3 Kf5 43. Rxa7 Rc3+ 44. Kf2 c5 45. Ke2 Rh3
46. Ra4 Rh2+ 47. Kf3 Rh3+ 48. Kf2 Rc3 49. Ke2 Rh3 50. Ke1 Rh2 51. Kd1 Rh1+ 52.
Ke2 Rh2+ 53. Kf3 Rh3+ 54. Kg2 Rc3 55. a3 Rc2+ 56. Kf3 Rc3+ 57. Kf2 Rh3 58. Kf1
Rf3+ 59. Ke1 Rh3 60. Kf2 Rc3 1/2-1/2

[Event "Olomouc 2010 - GM3 Proclient Cup"]
[Site "Olomouc (CZE), Hotel Sigma"]
[Date "2010.08.11"]
[Round "8"]
[White "Petr, Martin"]
[Black "Polak, Tomas"]
[Result "0-1"]
[WhiteElo "2511"]
[BlackElo "2544"]
[PlyCount "92"]
[EventDate "2010.08.04"]

1. e4 e5 2. f4 d5 3. exd5 c6 4. Nc3 exf4 5. Nf3 Bd6 6. dxc6 Nxc6 7. d4 Nge7 8.
Ne4 O-O 9. Bc4 Bg4 10. c3 Rc8 11. O-O Bb8 12. Qd3 Bf5 13. Nh4 Nb4 14. cxb4 Bxe4
15. Bxf7+ Rxf7 16. Qxe4 Qd5 17. Re1 g5 18. Nf3 g4 19. Ne5 Bxe5 20. Qxd5 Nxd5
21. Rxe5 Nxb4 22. Rg5+ Rg7 23. Rxg7+ Kxg7 24. Bxf4 Rc2 25. Rd1 Nd5 26. Be5+ Kg6
27. Rd3 Rxb2 28. Ra3 a6 29. h3 h5 30. hxg4 hxg4 31. Rb3 Rxb3 32. axb3 Kf5 33.
Kf2 a5 34. Bd6 b5 35. Bc5 Kf4 36. Ke2 Ke4 37. Kd2 Ne3 38. g3 Nf5 39. Bb6 Nxd4
40. Kc3 Ne2+ 41. Kd2 Nxg3 42. Bxa5 Nf5 43. Bb6 g3 44. Ke1 Kf3 45. Kf1 g2+ 46.
Kg1 Ng3 0-1

[Event "Olomouc 2010 - GM3 Proclient Cup"]
[Site "Olomouc (CZE), Hotel Sigma"]
[Date "2010.08.11"]
[Round "8"]
[White "Raznikov, Danny"]
[Black "Vovk, Andrey"]
[Result "1/2-1/2"]
[WhiteElo "2326"]
[BlackElo "2522"]
[PlyCount "52"]
[EventDate "2010.08.04"]

1. d4 Nf6 2. c4 g6 3. Nc3 Bg7 4. e4 d6 5. Nf3 O-O 6. h3 e5 7. d5 a5 8. Bg5 Na6
9. Nd2 Qe8 10. Be2 Kh8 11. h4 h6 12. Be3 Ng8 13. Nb3 b6 14. h5 f5 15. hxg6 Qxg6
16. exf5 Bxf5 17. Qd2 Bc2 18. Kf1 Nb4 19. Nc1 Bf5 20. Bh5 Qh7 21. N1e2 Nc2 22.
Rd1 Nf6 23. Ng3 Bg4 24. f3 Nxe3+ 25. Qxe3 Nxh5 26. Nxh5 Qg6 1/2-1/2

[Event "Olomouc 2010 - GM3 Proclient Cup"]
[Site "Olomouc (CZE), Hotel Sigma"]
[Date "2010.08.12"]
[Round "9"]
[White "Rosko, Lubos"]
[Black "Raznikov, Danny"]
[Result "1/2-1/2"]
[WhiteElo "2351"]
[BlackElo "2326"]
[PlyCount "39"]
[EventDate "2010.08.04"]

1. d4 Nf6 2. c4 c5 3. d5 b5 4. cxb5 a6 5. bxa6 Bxa6 6. Nc3 g6 7. g3 Bg7 8. Bg2
d6 9. Nf3 Nbd7 10. O-O O-O 11. Rb1 Qa5 12. Bd2 Ng4 13. Qc2 Nge5 14. Nxe5 Nxe5
15. b3 Qa3 16. Bc1 Qa5 17. Bd2 Qa3 18. Bc1 Qa5 19. Bd2 Rfb8 20. a4 1/2-1/2

[Event "Olomouc 2010 - GM3 Proclient Cup"]
[Site "Olomouc (CZE), Hotel Sigma"]
[Date "2010.08.12"]
[Round "9"]
[White "Warakomski, Tomasz"]
[Black "Batchuluun, Tsegmed"]
[Result "1/2-1/2"]
[WhiteElo "2495"]
[BlackElo "2388"]
[PlyCount "86"]
[EventDate "2010.08.04"]

1. e4 e5 2. Nf3 Nc6 3. Bc4 Bc5 4. b4 Bxb4 5. c3 Ba5 6. d4 exd4 7. O-O Nge7 8.
cxd4 d5 9. exd5 Nxd5 10. Qb3 Be6 11. Qxb7 Ndb4 12. Bb5 O-O 13. Bxc6 Rb8 14.
Qxa7 Nxc6 15. Qc5 Bd5 16. Ba3 Re8 17. Nbd2 Bb6 18. Qc3 Bxf3 19. Qxf3 Nxd4 20.
Qd1 Ne2+ 21. Kh1 Qd3 22. Nb3 Qxd1 23. Rfxd1 Bxf2 24. Bc5 Bxc5 25. Nxc5 Ra8 26.
a4 Nc3 27. Rdc1 Ne4 28. Kg1 Nxc5 29. Rxc5 Ra7 30. a5 Re6 31. Kf2 Kf8 32. g4 Ke7
33. Rd1 Rd6 34. Re1+ Re6 35. Rd1 h6 36. h4 Rd6 37. Re1+ Re6 38. Rd1 f6 39. g5
hxg5 40. hxg5 Re5 41. gxf6+ gxf6 42. Rdc1 Rxa5 43. Rxc7+ Kd6 1/2-1/2

[Event "Olomouc 2010 - IM1 Winsoft Company Cup"]
[Site "Olomouc (CZE), Hotel Sigma"]
[Date "2010.08.05"]
[Round "2"]
[White "Antipov, Mikhail Al"]
[Black "Stachowiak, Kamil"]
[Result "1-0"]
[WhiteElo "2238"]
[BlackElo "2404"]
[PlyCount "73"]
[EventDate "2010.08.04"]

1. e4 c5 2. Nf3 e6 3. b3 a6 4. Bb2 Nc6 5. c4 d6 6. d4 cxd4 7. Nxd4 Nf6 8. Nc3
Be7 9. Be2 O-O 10. O-O Bd7 11. Qd2 Nxd4 12. Qxd4 Bc6 13. b4 Qb8 14. b5 axb5 15.
cxb5 Bd7 16. a4 Rc8 17. b6 e5 18. Qe3 Be6 19. Rfd1 Bc4 20. Nb5 Bxe2 21. Qxe2
Rc5 22. Nc7 Rxc7 23. bxc7 Qxc7 24. Rdc1 Qb8 25. Qc4 Bf8 26. Rcb1 Qa7 27. Bc1 d5
28. exd5 Bc5 29. Ra2 h6 30. Rc2 Bd4 31. d6 Ng4 32. d7 Nxf2 33. Qc8+ Kh7 34.
d8=Q Rxc8 35. Qxc8 Ne4+ 36. Kh1 Nf2+ 37. Rxf2 1-0

[Event "Olomouc 2010 - IM1 Winsoft Company Cup"]
[Site "Olomouc (CZE), Hotel Sigma"]
[Date "2010.08.05"]
[Round "2"]
[White "Kireev, Aleksei"]
[Black "Sluka, Radek"]
[Result "1-0"]
[WhiteElo "2355"]
[BlackElo "2282"]
[PlyCount "85"]
[EventDate "2010.08.04"]

1. d4 f5 2. Nf3 Nf6 3. Bg5 g6 4. Bxf6 exf6 5. e3 d5 6. c4 Be6 7. Qb3 Nc6 8. Nc3
Bb4 9. c5 O-O 10. a3 Bxc3+ 11. Qxc3 Qe7 12. g3 Nd8 13. Be2 Bf7 14. Nd2 Ne6 15.
f4 Rfe8 16. Kf2 c6 17. b4 Qf8 18. a4 a6 19. b5 axb5 20. axb5 cxb5 21. Bxb5 Rxa1
22. Rxa1 Ra8 23. Be2 Rxa1 24. Qxa1 Be8 25. Qa7 Bc6 26. Nb3 Qc8 27. Nc1 Nc7 28.
Na2 Qa8 29. Qxa8+ Nxa8 30. Nb4 Nc7 31. Ke1 Kf7 32. Kd2 Ke6 33. Kc3 Kd7 34. Na2
Na8 35. Kb4 b6 36. Bf3 Bb7 37. Nc3 Ke6 38. Kb5 Kd7 39. cxb6 Kd6 40. Bxd5 Bxd5
41. Nxd5 Kxd5 42. b7 Nc7+ 43. Kb6 1-0

[Event "Olomouc 2010 - IM1 Winsoft Company Cup"]
[Site "Olomouc (CZE), Hotel Sigma"]
[Date "2010.08.05"]
[Round "2"]
[White "Kolosowski, Mateusz"]
[Black "Aranaz Murillo, Amalia"]
[Result "1/2-1/2"]
[WhiteElo "2308"]
[BlackElo "2190"]
[PlyCount "115"]
[EventDate "2010.08.04"]

1. d4 d5 2. c4 c6 3. Nf3 Nf6 4. e3 a6 5. Bd3 Bg4 6. Nbd2 e6 7. O-O Be7 8. Qc2
Nbd7 9. b3 O-O 10. Bb2 Bh5 11. h3 Bg6 12. e4 dxe4 13. Nxe4 Nxe4 14. Bxe4 Nf6
15. Bxg6 hxg6 16. Rad1 Qa5 17. Rfe1 Rad8 18. a3 Rfe8 19. b4 Qc7 20. Qc3 a5 21.
Ne5 axb4 22. axb4 Qb6 23. Nd3 Bf8 24. Ra1 Ra8 25. Nc5 Qc7 26. Qf3 Nd7 27. Nd3
Nb6 28. c5 Nd5 29. Qd1 Be7 30. Qb3 Bf6 31. g3 Red8 32. Rad1 Ra7 33. Ne5 Rda8
34. Nc4 Ra4 35. Bc3 b5 36. cxb6 Nxb6 37. Na5 Qd6 38. Re5 Ra3 39. Qxa3 Bxe5 40.
Qc1 Bxg3 41. fxg3 Qxg3+ 42. Kf1 Nd5 43. Be1 Qxh3+ 44. Kf2 Qh2+ 45. Kf3 Qh5+ 46.
Kf2 g5 47. Bd2 Qh4+ 48. Kg2 Qxd4 49. Qc4 Qb2 50. Kh1 Qf6 51. Rf1 Qh6+ 52. Kg2
Qg6 53. Nxc6 Nf4+ 54. Kg1 Nh3+ 55. Kg2 Nf4+ 56. Kg1 Nh3+ 57. Kg2 Nf4+ 58. Kg1
1/2-1/2

[Event "Olomouc 2010 - IM1 Winsoft Company Cup"]
[Site "Olomouc (CZE), Hotel Sigma"]
[Date "2010.08.06"]
[Round "3"]
[White "Aharon, Ofir"]
[Black "Kolosowski, Mateusz"]
[Result "0-1"]
[WhiteElo "2199"]
[BlackElo "2308"]
[PlyCount "78"]
[EventDate "2010.08.04"]

1. e4 e5 2. Nf3 Nc6 3. Bc4 Nf6 4. d3 Be7 5. c3 O-O 6. Qe2 d6 7. Bb3 Na5 8. Bc2
c5 9. h3 Nc6 10. Nbd2 Re8 11. Nf1 b5 12. g4 d5 13. Ng3 d4 14. O-O Nd7 15. cxd4
cxd4 16. Bb3 Nb6 17. Nf5 Be6 18. Bxe6 fxe6 19. Nxe7+ Qxe7 20. Bg5 Qd6 21. Rac1
Rac8 22. Bh4 Nd7 23. Qd2 Rf8 24. Kg2 Ne7 25. Qg5 Ng6 26. Bg3 Qb4 27. Rxc8 Rxc8
28. Nxe5 Ndxe5 29. Bxe5 Qxb2 30. Bd6 Qe2 31. Rc1 Re8 32. Qxb5 Rf8 33. Bg3 h5
34. Qxh5 Rxf2+ 35. Kg1 Rf8 36. Re1 Qxd3 37. Bh2 Qd2 38. Bg3 Nf4 39. Bf2 Nxh5
0-1